000 00584nam a2200229Ia 4500
005 20250425160651.0
008 250425s9999 xx 000 0 und d
020 _a0256068232
041 _aspa
082 _a657
100 _aLARSON, KERMIT D.
245 0 _aFUNDAMENTAL ACCOUNTING PRINCIPLES : STATEMENT OF CASH FLOWS EDITION
250 _a11TH ED.
260 _aEstados Unidos
_bIRWIN
_c1988
260 _aILLINOIS CITY
300 _a1076
650 _aCONTABILIDAD
650 _aESTADOS FINANCIEROS
650 _aTOMA DE DECISIONES
942 _c01
010 _a1832
999 _c193726
_d193726